|
|
|
|
| LEADER |
00000cam a2200000 7i4500 |
| 001 |
0000005783 |
| 005 |
20151222.0 |
| 008 |
070809 |
| 020 |
|
|
|a 9833001122
|
| 090 |
0 |
0 |
|a JP
|b MTH ENG (7107)
|
| 100 |
1 |
|
|a Smoothey,Marion
|
| 245 |
1 |
0 |
|a Area and volume
|c Marion Smoothey
|
| 260 |
|
|
|a Selangor :
|b Federal Publications ,
|c 2004
|
| 440 |
|
0 |
|a Let's investigate
|
| 500 |
|
|
|a Children ages 7-9 years old (orange)
|
| 650 |
|
0 |
|a Evans,Ted
|
| 650 |
|
0 |
|a Junior fiction
|x English
|x Languages
|
| 650 |
|
0 |
|a Statistics
|x juvenile literature
|
| 999 |
|
|
|a 0000980403
|b Book
|c Children Collection
|e Perbadanan Perpustakaan Awam Johor
|
| 999 |
|
|
|a 0000980404
|b Book
|c Children Collection
|e Perbadanan Perpustakaan Awam Johor
|
| 999 |
|
|
|a 0000980406
|b Book
|c Children Collection
|e Cawangan Urban Transformation Centre
|
| 999 |
|
|
|a 0000980407
|b Book
|c Children Collection
|e Cawangan Tmn. Ungku Tun Aminah
|
| 999 |
|
|
|a 0001143674
|b Book
|c Children Collection
|e Cawangan Bukit Gambir
|
| 999 |
|
|
|a 0001143675
|b Book
|c Children Collection
|e Cawangan Tangkak
|
| 999 |
|
|
|a 0001143676
|b Book
|c Teenagers
|e Cawangan Bandar Tenggara
|
| 999 |
|
|
|a 0001143679
|b Book
|c Children Collection
|e Cawangan Taman Universiti
|
| 999 |
|
|
|a 0001143680
|b Book
|c Children Collection
|e Cawangan Segamat
|
| 999 |
|
|
|a 0001145089
|b Book
|c Children Collection
|e Cawangan Pontian
|
| 999 |
|
|
|a 0001145090
|b Book
|c Children Collection
|e Cawangan Tmn. Ungku Tun Aminah
|
| 999 |
|
|
|a 0001145092
|b Book
|c Children Collection
|e Cawangan Tangkak
|
| 999 |
|
|
|a 0001145093
|b Book
|c Teenagers
|e Cawangan Bandar Tenggara
|
| 999 |
|
|
|a 0001145110
|b Book
|c Children Collection
|e Cawangan Pontian
|
| 999 |
|
|
|a 0001150222
|b Book
|c Teenagers
|e Cawangan Bandar Tenggara
|
| 999 |
|
|
|a 0001150223
|b Book
|c Teenagers
|e Cawangan Bandar Tenggara
|
| 999 |
|
|
|a 0001150224
|b Book
|c Children Collection
|e Cawangan Pontian
|
| 999 |
|
|
|a 0001150230
|b Book
|c Children Collection
|e Cawangan Pontian
|
| 999 |
|
|
|a 0001152018
|b Book
|c Children Collection
|e Cawangan Taman Universiti
|
| 999 |
|
|
|a 0001152019
|b Book
|c Children Collection
|e Cawangan Segamat
|
| 999 |
|
|
|a 0001152020
|b Book
|c Children Collection
|e Cawangan Mersing
|
| 999 |
|
|
|a 0001152028
|b Book
|c Children Collection
|e Cawangan Taman Universiti
|